000 01472nam a2200421 a 4500
001 9766
003 CO-ViMGA
008 141112s2004 ck r 000 u spa d
020 _a958021429
040 _aCO-ViMGA
_bspa
_cCO-ViMGA
082 0 4 _a986.101 M375
245 1 0 _aHuellas :
_bHistoria Socioeconómica de Colombia
260 _aSantafé de Bogotá :
_bVoluntad,
_c1999
300 _a224p. : il color
490 _aEducación Básica y Media
650 1 4 _aCIENCIAS SOCIALES
_911526
650 1 4 _aCIENCIAS SOCIALES - ENSEÑANZA
650 1 4 _aCOLOMBIA - HISTORIA
_911527
650 1 4 _aCONFLICTOS SOCIALES - COLOMBIA
_911528
650 1 4 _aDESARROLLO CIENTIFICO Y TECNOLOGICO - COLOMBIA
_99310
650 1 4 _aDESCUBRIMIENTO Y CONQUISTA 1499 - 1550
_911529
650 1 4 _aEL CINE Y LA TELEVISION - COLOMBIA
_911530
650 1 4 _aEL NEOLIBERALISMO
_911531
650 1 4 _aGUERRAS CIVILES
_911532
650 1 4 _aHISTORIA DE COLOMBIA
_911533
650 1 4 _aINDIGENAS
650 1 4 _aINDIGENAS DE COLOMBIA
_911534
650 1 4 _aLA CONQUISTA ESPAÑOLA
_911535
650 1 4 _aLA GUERRILLA - COLOMBIA
_911536
650 1 4 _aLA ILUSTRACION
_949811
650 1 4 _aLA INDEPENCIA - COLOMBIA
_911537
650 1 4 _aLA MUJER - HISTORIA
_911538
650 1 4 _aLOS PARTIDOS POLITICOS DE COLOMBIA
_911539
650 1 4 _aMOVIMIENTOS CAMPESINOS - COLOMBIA
_911540
650 1 4 _aPROCESOS DE NEGOCIACION - COLOMBIA
_911541
650 1 4 _aVIOLENCIA EN COLOMBIA
_911542
942 _2ddc
_cBK
999 _c21196
_d21196